书目信息 |
| 书名: | Environmental ethics | |
| 作者: | Louis P.Pojman. | |
| 分册号: | ||
| 分册名: | 出版地: | Pacific Grove : |
|
| 出版社: | Duxbury Press | |
| 出版时间: | 1998. | |
| 页数: | 568 p. ; | |
| 开本: | 28cm. | |
| 丛书名: | ||
| 中图分类号: | ||
| 科图分类号: | ||
| 其他分类号: | H31:B82 | |
| 主题词: | ||
| 电子资源: | ||
| 000 | 00458nam 2200157 a 4500 | |
| 001 | E0440342979 | |
| 005 | 20120410085342.71 | |
| 008 | 041220s1998 00010 eng | |
| 020 | @a0-5345-4469-X :@cRMB 12.00. | |
| 040 | @aPFT@beng | |
| 090 | @aB82-058 | |
| 099 | @dH31:B82@eP759 | |
| 245 | @aEnvironmental ethics :@breading in theory and application / @cLouis P.Pojman. | |
| 260 | @aPacific Grove :@bDuxbury Press,@c1998. | |
| 300 | @a568 p. ;@c28cm. | |
| 650 | 0 | @a英语 |
| Environmental ethics : : reading in theory and application / / Louis P.Pojman.-Pacific Grove : : Duxbury Press, , 1998. |
| 568 p. ; ; 28cm. |
| ISBN 0-5345-4469-X :RMB 12.00. |
| ● |
| 相关链接 |
|
|
|
正题名:Environmental ethics
索取号:H31:B82/P759
 
预约/预借
| 序号 | 登录号 | 条形码 | 馆藏地/架位号 | 状态 | 备注 |
| 1 | 04748 | 300047483 | 语言库209/509社科库 129排1列2层/ [索取号:H31:B82/P759] | 在馆 | |
| 2 | 04749 | 300047492 | 语言库209/209语言库 92排1列4层/ [索取号:H31:B82/P759] | 在馆 |